Statistiques concernant Pays contenant J - une minute sprint

Cliquez ici pour prendre le quiz!

Statistiques générales

  • Ce quiz a été pris 194 fois
  • Le résultat moyen est 4 sur 7

Statistiques - réponses

pays% Correct
Jamaïque
90%
Jordanie
89%
Japon
81%
Azerbaïdjan
51%
Tadjikistan
49%
Fidji
39%
Djibouti
33%

Distribution des résultats

Percentile par nombre de réponses

% des personnes avec chaque résultat

Votre développement - résultats

Vous n’avez pas pris ce quiz